000 00626nam a22002057a 4500
003 SISC
005 20160302125459.0
008 130830t xxu||||| |||| 00| 0 eng d
020 _a0-06-021522-4
050 _aPS 3551
_b.Ad239 1995
082 _aHS 811.54
_bAd7 1995
100 _aAdoff, Arnold
_915615
245 _aStreet music :
_b city poems /
_cArnold Adoff
260 _aMexico :
_bHarperCollins publishers,
_cc1995.
300 _aunpaged :
_bcol. ill. ;
_c28 cm.
650 _aCity and town life
_xjuvenille poetry
_915616
650 _a Children's poetry--
_xAmericans
_915617
942 _2lcc
_cBK
999 _c9957
_d9957